LIBRARY & INFORMATION CENTRE, KCAET, TAVANUR

ONLINE PUBLIC ACCESS CATALOGUE (OPAC)

Farm machinery and power (Record no. 13789)

MARC details
000 -LEADER
fixed length control field 00664nam a22001577a 4500
003 - CONTROL NUMBER IDENTIFIER
control field OSt
008 - FIXED-LENGTH DATA ELEMENTS--GENERAL INFORMATION
fixed length control field 220125b ||||| |||| 00| 0 eng d
020 ## - INTERNATIONAL STANDARD BOOK NUMBER
ISBN 9789380179636
082 ## - DEWEY DECIMAL CLASSIFICATION NUMBER
Classification number 631.3
Item number VER/FA
100 ## - MAIN ENTRY--AUTHOR NAME
Personal name Veera Selvam, R.K
245 ## - TITLE STATEMENT
Title Farm machinery and power
260 ## - PUBLICATION, DISTRIBUTION, ETC. (IMPRINT)
Place of publication Jaipur
Name of publisher Oxford Book company
Year of publication 2010
300 ## - PHYSICAL DESCRIPTION
Number of Pages 287 p
505 ## - FORMATTED CONTENTS NOTE
Formatted contents note 1 Power and Machinery in Agriculture .<br/>2 Farm Mechanisation Strategy. <br/>3 Farm Power Systems .<br/>4 Animal Power .<br/>5 Farm Tractors.<br/>6 Electrical Power Systems in Farms .<br/>7 Cultivation and Harvesting Tools. <br/>8 Irrigation Tools and Techniques. <br/>9 Farm Machinery Selection and Maintenance .
942 ## - ADDED ENTRY ELEMENTS (KOHA)
Koha item type Books
Holdings
Withdrawn status Lost status Damaged status Collection code Home library Current library Shelving location Date acquired Source of acquisition Cost, normal purchase price Full call number Accession Number Koha item type
      Non-fiction KAUAET KAUAET General Stacks 31/03/2012 Southern Book star, Tvm 1725.00 631.3 VER/FA 23381 Books
      Non-fiction KAUAET KAUAET General Stacks 30/03/2013 Neoti Book Agency 1725.00 631.3 VER/FA 23854 Books
        KAUAET KAUAET General Stacks 31/03/2018 Vigyan Books 1725.00 631.3 VER/FA 25700 Books
        KAUAET KAUAET General Stacks 31/03/2018 Vigyan Books 1725.00 631.3 VER/FA 25701 Books
free website counter